000
00306nam a2200109Ia 4500
008
220204s9999 xx 000 0 und d
082
_a
61(03)
_b
BIS
245
0
_a
Marshall Cavendish encyclopedia of how the body works
260
_a
London
_b
Marshall Cavendish
_c
1975
700
_a
Biscre, Michael
942
_c
BK
999
_c
36545
_d
36545